000 00295nam a22001337a 4500
008 171005b xxu||||| |||| 00| 0 eng d
020 _a9780077471804
041 _aeng
080 _a519.9
100 _a48
101 _aPSI
245 _aTHE SCIENCE OF PSYCHOLOGY
_cKING,L.A
942 _2udc
_cBK
999 _c31865
_d31865